000 00910cam a2200253 a 4500
005 20180803165029.0
008 040909m19992012cauab b 001 0 eng
020 _a187910206
040 _aDLC
_cDLC
_dDLC
_dCO-BoIAVH
041 0 _aeng
044 _axxu
082 0 0 _a910.285
_bM68e
100 1 _aMitchell, Andy
_c(Technical writer)
_eautor
245 1 4 _aThe ESRI guide to GIS analysis /
_cAndy Mitchell.
250 _aPrimera edición
260 _aRedlands, Calif. :
_bESRI,
_c1999-c2012.
300 _a3 volúmenes :
_bilustraciones a color y mapas a color ;
_c23 x 19 centímetros
504 _aIncluye referencias bibliográficas.
505 0 _aVol 1. Geographic patterns & relationships
650 1 6 _aSistemas de información geográfica
650 2 4 _aGeografía
_xpatrones
710 2 _aEnvironmental Systems Research Institute (Redlands, Calif.)
942 _2ddc
_cLIBRO
999 _c2694
_d2694